Luis Camnitzer : muestra antológica /

Bewaard in:
Bibliografische gegevens
Hoofdauteur: Camnitzer, Luis
Formaat: Boek
Taal:Spanish
Gepubliceerd in: San José, Costa Rica Museo de Arte y Diseño Contemporáneo 2010
Onderwerpen:
Tags: Voeg label toe
Geen labels, Wees de eerste die dit record labelt!

MARC

LEADER 00000nam a22000007a 4500
008 140711s2010 cr ao||f ||||a010 0 spa d
082 |a 709.8  |b C184-L 
100 1 |a Camnitzer, Luis  
245 |a Luis Camnitzer :  |b muestra antológica /  |c Luis Camnitzer 
246 1 0 |a  Luis Camnitzer :  |b artist 
260 |a San José, Costa Rica  |b Museo de Arte y Diseño Contemporáneo  |c 2010 
300 |a 79 páginas:  |b ilustraciones a color 
500 |a Exposición realizada del 9 de mayo al 25 de agosto 2007, en Sala I 
600 1 7 |a CAMNITZER, LUIS 
650 1 7 |a ARTE CONCEPTUAL  |z URUGUAY 
942 |2 ddc  |c BK 
999 |c 3377  |d 3377